000 00438nam a2200181Ia 4500
001 5147
005 20260306145847.0
008 260306t2010||||xx |||||||||||||| ||spa||
041 _aESP
082 _a335.009
_bP23
100 _aPaniagua, Javier
_eAUT
245 0 _aBreve historia del socialismo y del comunismo
260 _c2010
300 _a270 páginas :
_c19 cm.
650 _aGEN
654 _aCHU
942 _cLIB
_dJUS
_fJUS
_2ddc
_n
999 _c5147
_d5147